Fundamentals of Communications Systems (Record no. 6053)

MARC details
000 -LEADER
fixed length control field 00585nam a22002057a 4500
003 - CONTROL NUMBER IDENTIFIER
control field OSt
005 - DATE AND TIME OF LATEST TRANSACTION
control field 20180319144723.0
008 - FIXED-LENGTH DATA ELEMENTS--GENERAL INFORMATION
fixed length control field 180319b xxu||||| |||| 00| 0 eng d
020 ## - INTERNATIONAL STANDARD BOOK NUMBER
International Standard Book Number 9780071482806
040 ## - CATALOGING SOURCE
Transcribing agency DDC
082 ## - DEWEY DECIMAL CLASSIFICATION NUMBER
Classification number 621.38 FIT 2007
100 ## - MAIN ENTRY--PERSONAL NAME
Personal name Fitz, Miachael P.
9 (RLIN) 12542
245 ## - TITLE STATEMENT
Title Fundamentals of Communications Systems
260 ## - PUBLICATION, DISTRIBUTION, ETC. (IMPRINT)
Place of publication, distribution, etc. New York; McGraw-Hill, 2007
300 ## - PHYSICAL DESCRIPTION
Extent xxxii,[700]p; ill: 26.5cm
504 ## - BIBLIOGRAPHY, ETC. NOTE
Bibliography, etc Appendices, & index included
650 ## - SUBJECT ADDED ENTRY--TOPICAL TERM
Topical term or geographic name as entry element Telecommunications system
9 (RLIN) 12543
650 ## - SUBJECT ADDED ENTRY--TOPICAL TERM
Topical term or geographic name as entry element Communications Engineering
9 (RLIN) 12544
942 ## - ADDED ENTRY ELEMENTS (KOHA)
Source of classification or shelving scheme Other/Generic Classification Scheme
Koha item type Book Bank
Holdings
Withdrawn status Lost status Source of classification or shelving scheme Damaged status Not for loan Home library Current library Date acquired Inventory number Total Checkouts Full call number Barcode Date last seen Date last checked out Koha item type
    Dewey Decimal Classification     Main Kihumuro Campus MUST Main Library 19/03/2018 17/40594 1 621.38 FIT 2007 2018-0186 03/09/2024 27/08/2019 Book Bank